Alle PDC Premier League Darts Teilnehmer 2016 - Statistiken

Allgemein
  • Dieses Quiz wurde 64 mal gespielt
  • Das Durchschnittsergebnis liegt bei 9 aus 10
Antwortstatistiken
Ranking Land Dartsspieler % Korrekt
1 Niederlande Michael van Gerwen
100%
5 Schottland Peter Wright
96%
2 England Phil Taylor
96%
3 Schottland Gary Anderson
94%
7 Niederlande Raymond van Barneveld
93%
6 England James Wade
89%
10 England Michael Smith
78%
4 England Adrian Lewis
74%
9 England Dave Chisnall
72%
8 Schottland Robert Thornton
72%
Keine übereinstimmenden Quizze gefunden
Verteilung der Resultate
Anzahl Personen mit jedem Resultat
Perzentil nach korrekt beantworteten Fragen
Ihre Resultats-Entwicklung
Sie haben dieses Quiz noch nicht gespielt